000 00344 a2200169 4500
001 186961
020 _a
040 _cMagnum
100 _aCoelho, Ronaldo Simões
240 1 0 _aTroca de segredos
_lpor
245 1 0 _aTroca de segredos
300 _a15
362 0 _a1995
440 1 _a
697 _aLITERATURA INFANTO
942 _cBK
999 _c186961
_d186961